The statistical analysis of compositional data

Αποθηκεύτηκε σε:
Λεπτομέρειες βιβλιογραφικής εγγραφής
Κύριος συγγραφέας: Aitchison, John (Συγγραφέας)
Μορφή: Βιβλίο
Γλώσσα:Αγγλικά
Έκδοση: Londres Chapman and Hall 1986
Σειρά:Monographs on Statistics and Applied Probability
Θέματα:
Ετικέτες: Προσθήκη ετικέτας
Δεν υπάρχουν, Καταχωρήστε ετικέτα πρώτοι!

MARC

LEADER 00000nam a2200000 a 4500
001 UCW1376
003 CL-VaPUC
008 920519e19860000UK |||||||||||||||||eng|d
020 |a 9781930665781 
082 0 4 |a 519.535  |b AIT  |2 21 
100 0 |a Aitchison, John  |e author  |9 305303 
245 1 4 |a The statistical analysis of compositional data 
300 |a 416 p 
942 |c BK 
945 |d 19920519 00:00:00 
260 |a Londres  |b Chapman and Hall  |c 1986 
650 0 |a Análisis estadístico multivariante  |9 260011 
650 0 |a Correlación (Estadística)  |9 270267 
583 |a last modification  |c 20150714 04:48:02  |k Rodrigo Vera 
490 0 |a Monographs on Statistics and Applied Probability 
999 |c 216272  |d 216270 
952 |0 0  |1 0  |4 0  |6 519_535000000000000_AIT_1986  |7 0  |8 A  |9 201813  |a BIBGIM  |b BIBGIM  |d 2019-11-14  |i 2690640  |o 519.535 AIT 1986  |p 2690640  |r 2025-01-15  |w 2019-11-14  |y BK  |k EST 
952 |0 0  |1 0  |4 0  |6 519_535000000000000_AIT_1986  |7 0  |8 A  |9 201814  |a BIBGIM  |b BIBGIM  |d 2019-11-14  |i 4511557  |o 519.535 AIT 1986  |p 4511557  |r 2025-01-15  |w 2019-11-14  |y BK  |k EST 
952 |0 0  |1 0  |4 0  |6 519_535000000000000_AIT_1986  |7 0  |8 A  |9 201815  |a BIBGIM  |b BIBGIM  |d 2019-11-14  |i 4716930  |o 519.535 AIT 1986  |p 4716930  |r 2025-01-15  |w 2019-11-14  |y BK  |k EST